| 000 | 00486nam a2200193Ia 4500 | ||
|---|---|---|---|
| 008 | 140626s9999 xx 000 0 und d | ||
| 100 | _aBusiness Mirror's Photographers. | ||
| 245 |
_aJourneying on / _cBusiness Mirror's Photographers. |
||
| 260 | _cc2013. | ||
| 300 | _a5 : 7, page 28 | ||
| 440 | _aView | ||
| 521 | _aTOU | ||
| 650 | _aBusiness mirror. | ||
| 650 | _aPhilippines. | ||
| 650 | _aTourism. | ||
| 650 | _aTravel photography. | ||
| 650 | _aTravel. | ||
| 942 | _cSE | ||
| 999 |
_c121114 _d121114 |
||